000 00521nam a2200169Ia 4500
008 090711s9999 xx 000 0 und d
082 _b48503
100 _aकेळकर ग. म.
245 _a"युध्द-कथा, अपराजित"
260 _c1965
300 _a110
600 _aकेळकर ग. म.
630 _a"युध्द-कथा, अपराजित"
700 _aकेळकर ग. म.
730 _a"युध्द-कथा, अपराजित"
942 _cBOOK
999 _c309465
_d309465